000 01096cam a22002891a 4500
001 gs 50000114
003 DLC
005 20260227111356.0
008 890201s1950 arua s000 0 eng
010 _ags 50000114
035 _a(OCoLC)19090216
040 _aDLC
_cArU
_dUU
_dDLC
042 _apremarc
043 _an-us-ar
050 0 0 _aQE87
_b.A2 no. 17
100 1 _aSaunders, John L.
_q(John Laroy),
_d1897-
245 1 0 _aSurface-water resources of Arkansas /
_cJohn L. Saunders, G.A. Billingsley
260 _aFayetteville, Ark. : University of Arkansas, Institute of Science and Technology,
_c1950.
300 _a181 p. :
_bill. ;
_c23 cm.
490 1 _aI.S.T. research series ;
_vno. 18
490 1 _aDiv. of Geology bulletin ;
_vno. 17
500 _a"June, 1950."
650 0 _aWater-supply
_zArkansas.
700 1 _aBillingsley, G. A.
_q(Granville Alton),
_d1916-
830 0 _aResearch series (University of Arkansas, Fayetteville. Institute of Science and Technology) ;
_vno. 18
830 0 _aBulletin (Arkansas Resources and Development Commission. Division of Geology) ;
_v17
999 _c28463
_d28463